Представление документа в формате RUSMARC

ПолеНазваниеЗначение
  Тип записи a
  Библиографический уровень m
001 Контрольный номер RU/CBS_UL/BASE/e3690daacf944dccb665577a36884750
005 Дата корректировки 20260128092334.0
010 Индекс ISBN __
a ISBN 978-5-7510-0910-6
d Цена 300 р. 00 к.
9 Тираж 300 экз.
b Уточнения в пер.
100 Данные общей обработки __
a Данные общей обработки 20200713d2020 ||| 0rusy0189 ca
101 Язык документа 0_
a Язык текста rus
102 Страна публикации __
a Страна публикации RU
105 Кодированные данные (монография) __
a Кодированные данные (монография) y###||||000|y
181 Поле кодированных данных: вид содержания _1
a Код вида содержания (ISBD) i#
b Код характеристики содержания (ISBD) #xxe##
d i
g x
h x
i e
182 Поле кодированных данных: тип средства _1
a Код типа средства (ISBD) n
2 Код системы (источник кода, отличный от ISBD) isbdmedia
200 Заглавие и сведения об ответственности 1_
a Заглавие Казачество - сквозь века
b Общее обозначение материала Текст
w Текст (визуальный) : непосредственный
e Сведения, относящиеся к заглавию сборник научных трудов участников II Международного форума (5-6 октября 2023 г.)
g Последующие сведения об ответственности Министерство культуры Российской Федерации, Российская государственная библиотека
g Последующие сведения об ответственности сост. Н. С. Матвеева
d Параллельное заглавие Cossacks - through the centuries
z Язык параллельного заглавия eng
203 Вид содержания и тип средства __
a Вид содержания Текст
b Характеристика содержания визуальный
c Тип средства непосредственный
210 Выходные данные 1_
a Место издания Москва
c Издательство Пашков дом
d Дата издания 2024
215 Физическое описание __
a Объем 310 с.
c Иллюстрации/тип воспроизводства ил.
d Формат 21,5 см.
300 Общие примечания __
a Общие примечания 16+
300 Общие примечания __
a Общие примечания Загл. обл.: Казачество сквозь века
606 Тематические рубрики 0_
a Основная рубрика Казачество - История - Российская Федерация
610 Ключевые слова 0_
a Ключевые слова казачество российское
a Ключевые слова история казачества
a Ключевые слова происхождение казаков
a Ключевые слова возрождение казачества
a Ключевые слова традиции казаков
a Ключевые слова казаки
610 Ключевые слова 0_
a Ключевые слова культура казачья; воспитание нравственное; войска казачьи; роль библиотек; материалы конференции
686 Индексы других классификаций __
a Классификационный индекс 63.3(2)
2 Код системы rubbk
801 Источник записи _0
a Страна RU
b Организация МБУК ЦБС
c Дата составления 20200713
g Правила каталогизации RCR
801 Источник записи _1
a Страна RU
b Организация МБУК ЦБС г. Ульяновска
c Дата составления 20200713
g Правила каталогизации RCR
852 Данные о местонахождении __
i Авторский знак К 14
j Шифр хранения 63.3(2)
900 Электронные ресурсы __
a Имя электронного ресурса каз сквозь века
901 Тип документа __
t Тип документа m